El algebra moderna / (Record no. 123424)

MARC details
000 -LEADER
campo de control de longitud fija 00575nam a2200181 4500
001 - NÚMERO DE CONTROL
campo de control 123424
003 - IDENTIFICADOR DE NÚMERO DE CONTROL
campo de control ES-MaACL
005 - FECHA Y HORA DE LA ÚLTIMA TRANSACCIÓN
campo de control 20230906192154.0
007 - CAMPO FIJO DE DESCRIPCIÓN FÍSICA--INFORMACIÓN GENERAL
campo de control de longitud fija t|
008 - DATOS DE LONGITUD FIJA--INFORMACIÓN GENERAL
campo de control de longitud fija 070214s1957 sp r ||||1| spa d
100 1# - ENTRADA PRINCIPAL--NOMBRE DE PERSONA
Nombre de persona Queysanne, Michel.
9 (RLIN) 94605
245 13 - MENCIÓN DEL TÍTULO
Título El algebra moderna /
Mención de responsabilidad, etc. Michel Queysanne, A. Delachet ; traducción castellana de Francisco de Sales.
260 ## - PUBLICACIÓN, DISTRIBUCIÓN, ETC.
Lugar de publicación, distribución, etc. Barcelona :
Nombre del editor, distribuidor, etc. Vergara,
Fecha de publicación, distribución, etc. 1957.
300 ## - DESCRIPCIÓN FÍSICA
Extensión 214 p. :
Otras características físicas il. ;
Dimensiones 18 cm.
700 1# - ENTRADA AGREGADA--NOMBRE PERSONAL
Nombre de persona Delachet, A.
9 (RLIN) 43279
700 0# - ENTRADA AGREGADA--NOMBRE PERSONAL
Nombre de persona Francisco de Sales
Títulos y otros términos asociados al nombre , Santo.
9 (RLIN) 52194
852 ## - LOCALIZACIÓN
Ubicación ES-MaACL
Número de control de estantería C-12455
Sublocalización o colección R.40948
Holdings
Estatus retirado Estado de pérdida Estado de daño No para préstamo Biblioteca de origen Biblioteca actual Ubicación en estantería Fecha de adquisición Fuente de adquisición Total de préstamos Signatura topográfica completa Código de barras Visto por última vez Precio de reemplazo Tipo de ítem Koha
        Biblioteca del Ateneo de Madrid Biblioteca del Ateneo de Madrid Sala Palomar 17/01/2008     C-12455 1128597 23/02/2023 23/02/2023 Libro impreso